000 00988nam a2200229Ia 4500
999 _c56544
_d56544
001 23658
003 GE_BSU
005 20260227123620.0
008 181216s1976||||ge |||||||||||||| ||geo||
040 _cGE_BSU
041 _ageo
080 _a930(479.22) ყ-36
100 _aყაუხჩიშვილი, სიმონ
_927013
245 _aივანე ჯავახიშვილი :
_b[ცხოვრება და მოღვაწეობა] /
_cსიმონ ყაუხჩიშვილი ; რედ. : ვ. გამყრელიძე.
264 _aთბილისი :
_bგანათლება,
_c1976.
300 _a79 გვ. ;
_c19 სმ.
541 _h2 ლ.
653 _aივანე ჯავახიშვილი : ცხოვრება და მოღვაწეობა
653 _aისტორია
700 _aგამყრელიძე, ვ.
_eრედაქტორი
_94369
942 _cBK
_2udc